| 000 | 00628nam a2200193 a 4500 | ||
|---|---|---|---|
| 005 | 20210219160209.0 | ||
| 008 | 080924s1990 mx r 000 0 spa d | ||
| 035 | _aUPN01000160694 | ||
| 049 | _aUNE | ||
| 080 | _a37.014. 22 (53) =20 ABD. | ||
| 100 | 1 | _aAbdelwahid Abdalla Yousif | |
| 245 | 1 | 4 |
_aThe Arab States: _ba programme to renew primary education and eradicate illiteracy/ _cAbdelwahid Abdalla Yousif. |
| 260 |
_aGeneva : _bOIE, _c1990. |
||
| 300 |
_a16 p. ; _bil. |
||
| 440 | 0 | _aLiteracy lessons | |
| 690 | _aAlfabetizacion- Paises arabes | ||
| 690 | _aProgramas de alfabetizacion- Paises arabes | ||
| 905 | _aUNESCO | ||
| 999 |
_c132807 _d132807 |
||